Holiday Quiz

Random Holiday or Judaism Quiz

Holiday To-Do Lists Quiz Stats

 Plays Quiz Updated Jul 25, 2017

Support Sporcle.
Go Orange.
Score 0/15 Timer 06:00
1 Play Today
% Correct
Christmas
99.8%
Halloween
98.2%
Thanksgiving
97.2%
Easter
96.9%
New Year's Day
96.5%
Chinese New Year
90.3%
April Fool's Day
89%
Valentine's Day
85.6%
% Correct
Groundhog Day
82.1%
Ramadan
74.2%
Day of the Dead
73.8%
Oktoberfest
73.6%
Talk Like a Pirate Day
55.1%
Passover
44.5%
Diwali
22.4%

You're not logged in!

Compare scores with friends on all Sporcle quizzes.
OR
Log In
Forgot?

From the Vault

Big 4 Teams by Number of Letters

by gwukelic

You have to keep things concise, otherwise you might not make any money on jersey sales.
Remove Ads.
Support Sporcle.
Get the best of Sporcle when you Go Orange. This ad-free experience offers more features, more stats, and more fun while also helping to support Sporcle. Thank you for becoming a member.

Show Comments

Extras

Top Quizzes Today


Score Distribution

Your Account Isn't Verified!

In order to create a playlist on Sporcle, you need to verify the email address you used during registration. Go to your Sporcle Settings to finish the process.

Report this User

Report this user for behavior that violates our Community Guidelines.

Details: